01183nam a2200193Ia 4500001001100000003001000011008004100021040002500062041001300087100003300100245009800133250001100231260006700242300002800309500026000337501011400597520026000711650001800971L940-43262IT-CnALBA170116s9999||||xx |||||||||||||| ||und|| aIT-CnALBAcIT-CnALBA aITALIANO aBARBERIS GIULIO, SAC., TEOL. 0aSTORIA DELLA GRECIA. DAI SUOI PRIMI ABITATORI ALLA CONQUISTA ROMANA. CENNO STORIA ORIENTALE.  a7a ed. a S. BENIGNO CANAVESEbSALESIANA SC. TIP.c1886 [1° Ed.: n.d.] a304 p. (prefazione: 24) aBIBLIOTECA CANONICO CHIESA. CARTE GEOGRAFICHE. STORIA DIVISIONE. MONDO ANTICO. EGITTO EBREI. FENICI. GEOGRAFIA DORI. ALLA GUERRA PERSIANA. GUERRA DEL PELOPONNESO. BATTAGLIA DI CHERONEA. ALESSANDRO MAGNO. DOMINAZIONE ROMANA. TAVOLA CRONOLOGICA DEI PERSONAG aSocietà San Paolo EM - Piazza San Paolo, 14 - 12051 ALBA (CN) (non commercial uses only) ® Copyright 2017 aBIBLIOTECA CANONICO CHIESA. CARTE GEOGRAFICHE. STORIA DIVISIONE. MONDO ANTICO. EGITTO EBREI. FENICI. GEOGRAFIA DORI. ALLA GUERRA PERSIANA. GUERRA DEL PELOPONNESO. BATTAGLIA DI CHERONEA. ALESSANDRO MAGNO. DOMINAZIONE ROMANA. TAVOLA CRONOLOGICA DEI PERSONAG aSTORIA ANTICA